| 000 | 01595nam2a2200277 4500 | ||
|---|---|---|---|
| 001 | RU\NLR\BIBL_A\016219407 | ||
| 005 | 20230116144613.0 | ||
| 010 |
_a978-5-8064-3216-3 _9100 |
||
| 021 |
_aRU _bКН-П-22-075880 _9КН-П-22-6620 |
||
| 035 | _a(NLR Aleph) 016219407 | ||
| 035 | _a(RuMoRGB)011324199 | ||
| 090 |
_a12733532 _c12733532 |
||
| 100 | _a20221128d2022 u y0rusy50 ca | ||
| 101 | 0 | _arus | |
| 102 | _aRU | ||
| 105 | _aach z 000zy | ||
| 200 | 1 | _aО родном университете | |
| 210 | _d2022 | ||
| 215 |
_a590, [1] с., [22] л. ил., цв. ил., портр., факс. _cил., портр., факс. |
||
| 461 | 0 |
_1001RU\NLR\BIBL_A\016219406 _12001#$aЖизнь как повод для размышлений$eтрилогии$fГ. А. Бордовский$vЧ. 2 _1700#1$aБордовский$bГ. А.$f1941-$gГеннадий Алексеевич$3RU\NLR\AUTH\7719630 _912733529 _aБордовский, Г.А. (1941-) _cСанкт-Петербург _d2022- _e2-е изд., доп. _fГ. А. Бордовский _nИзд-во РГПУ им. А. И. Герцена _oтрилогия _tЖизнь как повод для размышлений _vЧ. 2 |
|
| 601 | 0 | 2 |
_aРоссийский государственный педагогический университет им. А.И. Герцена _cСанкт-Петербург, город _jВоспоминания, записки и т.п _xИстория _92217508 _3RU\NLR\AUTH\661331751 |
| 686 | 1 | _aЧ489.514(2)7г | |
| 942 | _cBOOK | ||
| 980 | _aNB | ||